Islam and feminism/ (Record no. 21036)

000 -LEADER
fixed length control field 00403nam a22001691a 4500
020 ## - INTERNATIONAL STANDARD BOOK NUMBER
ISBN 9788190665315
082 ## - DEWEY DECIMAL CLASSIFICATION NUMBER
Classification number 305.486 9
Item number BHA/I
100 ## - MAIN ENTRY--AUTHOR NAME
Personal name Bhasker A Shukla
245 ## - TITLE STATEMENT
Title Islam and feminism/
Statement of responsibility, etc by Bhasker A Shukla
260 ## - PUBLICATION, DISTRIBUTION, ETC. (IMPRINT)
Place of publication Jaipur:
Name of publisher Vital,
Year of publication 2008.
300 ## - PHYSICAL DESCRIPTION
Number of Pages 224p.
650 ## - SUBJECT ADDED ENTRY--TOPICAL TERM
Topical Term Islamic Feminism
650 ## - SUBJECT ADDED ENTRY--TOPICAL TERM
Topical Term Women Islam
650 ## - SUBJECT ADDED ENTRY--TOPICAL TERM
Topical Term Islam
650 ## - SUBJECT ADDED ENTRY--TOPICAL TERM
Topical Term Social Sciences
942 ## - ADDED ENTRY ELEMENTS (KOHA)
Koha item type Book
Holdings
Withdrawn status Lost status Damaged status Not for loan Permanent Location Current Location Date acquired Cost, normal purchase price Full call number Accession Number Cost, replacement price Price effective from Koha item type
        Sree Sankaracharya University of Sanskrit Sree Sankaracharya University of Sanskrit 08.01.2015 650.00 305.486 9 BHA/I 069972 0.00 08.01.2015 Book